000 00209 a2200097 4500
001 11969
100 _aAshton, E.B.
245 _aThe future of man kind
260 _a
_bChicago, press
_c
090 _c9222
_d9222
942 _aNUST-CAE
_cM
_c36070
999 _c247042
_d247042